Problem solving activities 1/ (Record no. 12986)
[ view plain ]
| 000 -LEADER | |
|---|---|
| fixed length control field | 00447nam a22001817a 4500 |
| 001 - CONTROL NUMBER | |
| control field | 12986 |
| 005 - DATE AND TIME OF LATEST TRANSACTION | |
| control field | 20250620095811.0 |
| 008 - FIXED-LENGTH DATA ELEMENTS--GENERAL INFORMATION | |
| fixed length control field | 250620b |||||||| |||| 00| 0 eng d |
| 020 ## - INTERNATIONAL STANDARD BOOK NUMBER | |
| International Standard Book Number | 0435023349 |
| 040 ## - CATALOGING SOURCE | |
| Original cataloging agency | BSULIB |
| 082 ## - DEWEY DECIMAL CLASSIFICATION NUMBER | |
| Edition number | 23 |
| Classification number | 372.7 |
| Item number | PRO |
| 100 ## - MAIN ENTRY--PERSONAL NAME | |
| Personal name | Clark,Ian.K. |
| 9 (RLIN) | 19021 |
| 245 ## - TITLE STATEMENT | |
| Title | Problem solving activities 1/ |
| 250 ## - EDITION STATEMENT | |
| Edition statement | 1st ed. |
| 260 ## - PUBLICATION, DISTRIBUTION, ETC. (IMPRINT) | |
| Place of publication, distribution, etc | London: |
| Name of publisher, distributor, etc | Heinemann, |
| Date of publication, distribution, etc | 1995. |
| 300 ## - PHYSICAL DESCRIPTION | |
| Extent | 21 P.: |
| Other physical details | ills.; |
| Dimensions | 23cm. |
| 942 ## - ADDED ENTRY ELEMENTS (KOHA) | |
| Source of classification or shelving scheme | Dewey Decimal Classification |
| Item type | Books |
| Withdrawn status | Lost status | Source of classification or shelving scheme | Damaged status | Not for loan | Home library | Current library | Shelving location | Date acquired | Source of acquisition | Total Checkouts | Full call number | Barcode | Date last seen | Copy number | Price effective from | Koha item type | Public note |
|---|---|---|---|---|---|---|---|---|---|---|---|---|---|---|---|---|---|
| Dewey Decimal Classification | Main Library | Main Library | Open Shelves | 20/06/2025 | Donation | 372.7 PRO | bsu25060480 | 20/06/2025 | 001 | 20/06/2025 | Books | Material available in hard copy |